[Event "VII Weekend B"]
[Site "Padova ITA"]
[Date "2004.12.19"]
[Round "5"]
[White "Sanavio, Giancarlo"]
[Black "Baldi, Giancarlo"]
[Result "1-0"]
[WhiteElo "1685"]
[BlackElo "1853"]
[PlyCount "87"]
[EventDate "2004.12.11"]

1. Nf3 Nf6 2. c4 g6 3. b4 Bg7 4. Bb2 b6 5. e3 Bb7 6. Be2 O-O 7. O-O d6 8. d4 d5
9. c5 a6 10. a4 bxc5 11. dxc5 Nbd7 12. Qc2 c6 13. Nbd2 Qc7 14. Nb3 e5 15. Na5
Bc8 16. Bc3 Rb8 17. Rab1 Ne4 18. Ba1 Nexc5 19. Nxc6 Qxc6 20. bxc5 Rxb1 21. Rxb1
e4 22. Bxg7 Kxg7 23. Nd4 Qxc5 24. Qb2 Kg8 25. Bg4 Qd6 26. Rc1 Nc5 27. Bxc8 Rxc8
28. Qb4 Rb8 29. Qa3 Qb6 30. h3 Nd3 31. Rc2 Qf6 32. Qa2 Qd6 33. Rc6 Qe5 34. Rxa6
Nb4 35. Nc6 Nxc6 36. Rxc6 Rb2 37. Qa1 Qb8 38. Rc8+ Qxc8 39. Qxb2 Qc6 40. Qb5
Qc1+ 41. Kh2 Qc2 42. Kg3 Qc7+ 43. f4 Qc3 44. Qe8+ 1-0

[Event "VII Weekend B"]
[Site "Padova ITA"]
[Date "2004.12.19"]
[Round "5"]
[White "Solinas, Roberto"]
[Black "Frascati, Francesco"]
[Result "1-0"]
[WhiteElo "1652"]
[BlackElo "1502"]
[PlyCount "49"]
[EventDate "2004.12.11"]

1. d4 Nf6 2. Nf3 e6 3. Nbd2 d5 4. e3 c5 5. c3 Nc6 6. Bd3 Be7 7. O-O O-O 8. dxc5
Bxc5 9. e4 dxe4 10. Nxe4 Be7 11. Qe2 Qc7 12. Bg5 Nxe4 13. Qxe4 f5 14. Qc4 Bxg5
15. Nxg5 Kh8 16. Rfe1 e5 17. Qc5 Bd7 18. Bc4 h6 19. Nf7+ Kh7 20. Nxe5 b6 21.
Qd5 Rae8 22. Qxd7 Qxd7 23. Nxd7 Rxe1+ 24. Rxe1 Rd8 25. Be6 1-0

[Event "VII Weekend B"]
[Site "Padova ITA"]
[Date "2004.12.19"]
[Round "5"]
[White "Tomio, Dante"]
[Black "Di Cerbo, Giulia"]
[Result "1/2-1/2"]
[WhiteElo "1876"]
[BlackElo "1676"]
[PlyCount "46"]
[EventDate "2004.12.11"]

1. d4 e6 2. Nf3 d5 3. Bf4 Nf6 4. e3 c5 5. c3 Nc6 6. Bd3 Bd6 7. Bxd6 Qxd6 8.
Nbd2 b6 9. O-O O-O 10. Re1 Bd7 11. e4 dxe4 12. Nxe4 Nxe4 13. Bxe4 f5 14. Bc2
cxd4 15. cxd4 Nb4 16. Bb3 Nd5 17. Ne5 Bc8 18. Rc1 Bb7 19. g3 Rac8 20. Rxc8 Rxc8
21. Nc4 Qc6 22. Ne5 Qd6 23. Qe2 Nc7 1/2-1/2

[Event "VII Weekend B"]
[Site "Padova ITA"]
[Date "2004.12.19"]
[Round "5"]
[White "Zangrando, Gianpietro"]
[Black "Valentini, Paola"]
[Result "1-0"]
[WhiteElo "1846"]
[BlackElo "1787"]
[PlyCount "113"]
[EventDate "2004.12.11"]

1. Nf3 Nf6 2. d4 e6 3. Bg5 Be7 4. e3 b6 5. Bd3 Bb7 6. Nbd2 d6 7. Qe2 Nbd7 8. e4
c5 9. O-O O-O 10. c3 Nh5 11. Be3 Nhf6 12. h3 Rc8 13. Rfe1 Qc7 14. Bf4 e5 15.
dxe5 Nxe5 16. Nxe5 dxe5 17. Bh2 Rfe8 18. Rad1 Rcd8 19. Bb5 Nd7 20. Nc4 f6 21.
Qg4 Bc8 22. Ne3 Nf8 23. Nf5 Bxf5 24. Qxf5 Rxd1 25. Rxd1 Rd8 26. Bc4+ Kh8 27.
Bd5 c4 28. h4 Bc5 29. h5 h6 30. Kh1 Qd7 31. Qxd7 Rxd7 32. Bg1 Ne6 33. Re1 Nf4
34. Bxc4 Rd2 35. b4 Bxf2 36. Bxf2 Rxf2 37. Rd1 Nxh5 38. Rd8+ Kh7 39. Bg8+ Kg6
40. Rd3 Rxa2 41. Bxa2 Kg5 42. Kh2 Kg4 43. Bd5 Kg5 44. g3 f5 45. exf5 Kxf5 46.
Rf3+ Kg5 47. Rf7 a5 48. bxa5 bxa5 49. c4 Kg6 50. Ra7 a4 51. Rxa4 Nf6 52. Ra6
Kf5 53. Be6+ Ke4 54. c5 Kd4 55. c6 Ne8 56. Bd7 Nc7 57. Ra7 1-0

[Event "VII Weekend B"]
[Site "Padova ITA"]
[Date "2004.12.19"]
[Round "5"]
[White "Zanirato, Stefano"]
[Black "Benedetti, Maurizio"]
[Result "1-0"]
[WhiteElo "1786"]
[BlackElo "1523"]
[PlyCount "85"]
[EventDate "2004.12.11"]

1. e4 e5 2. f4 exf4 3. Nf3 d6 4. d4 Nf6 5. Bd3 Nc6 6. Bxf4 Bg4 7. c3 Be7 8. O-O
Qd7 9. Qa4 Nh5 10. Be3 a6 11. Nbd2 Rd8 12. d5 Ne5 13. Qxd7+ Bxd7 14. Nxe5 dxe5
15. Nc4 Bb5 16. Nxe5 Bxd3 17. Nxd3 Nf6 18. Nf2 Nd7 19. Bf4 Bd6 20. Bxd6 cxd6
21. Nd3 Nc5 22. Nxc5 dxc5 23. c4 f6 24. e5 fxe5 25. Rae1 Rd7 26. Rxe5+ Re7 27.
Rfe1 Rxe5 28. Rxe5+ Kd7 29. Kf2 Rf8+ 30. Ke3 b5 31. Re6 bxc4 32. Rxa6 Rb8 33.
Rc6 Rxb2 34. Rxc5 Rxa2 35. Kf3 Kd6 36. Rxc4 Kxd5 37. Rc7 Ra3+ 38. Kg4 Ra2 39.
Kh3 Ra3+ 40. g3 Ke6 41. Rxg7 h5 42. Rg5 Kf6 43. Rxh5 1-0

[Event "VII Weekend B"]
[Site "Padova ITA"]
[Date "2004.12.19"]
[Round "6"]
[White "Baldi, Giancarlo"]
[Black "Solinas, Roberto"]
[Result "1-0"]
[WhiteElo "1853"]
[BlackElo "1652"]
[PlyCount "86"]
[EventDate "2004.12.11"]

1. Nf3 d5 2. d4 Nf6 3. e3 e6 4. Bd3 Nbd7 5. Nbd2 b6 6. O-O Bb7 7. c3 c5 8. Qe2
Ne4 9. Ne5 Nxe5 10. dxe5 Bc6 11. Rd1 Qc7 12. f4 g6 13. Nf3 h6 14. Bd2 Be7 15.
Be1 O-O-O 16. b4 f5 17. a4 c4 18. Bxe4 fxe4 19. Nd4 Bd7 20. Ra2 h5 21. Rda1
Rdf8 22. b5 Bc5 23. a5 Kd8 24. axb6 Bxb6 25. Bh4+ Ke8 26. Bf6 Rh7 27. Qb2 Kf7
28. Qf2 Bxd4 29. exd4 Ra8 30. Qb2 Qb6 31. Ra5 Kg8 32. Ra6 Qxb5 33. Qxb5 Bxb5
34. Rxe6 Rd7 35. Bg5 Kh7 36. Rf1 Rf8 37. Bf6 Rdf7 38. f5 gxf5 39. Rxf5 Rb7 40.
Rxh5+ Kg6 41. g4 Bd7 42. Rd6 e3 43. Bh8+ Rf6 1-0

[Event "VII Weekend B"]
[Site "Padova ITA"]
[Date "2004.12.19"]
[Round "6"]
[White "Bellemo, Davide"]
[Black "Demiraj, Rumi"]
[Result "1-0"]
[WhiteElo "1715"]
[BlackElo "1910"]
[PlyCount "57"]
[EventDate "2004.12.11"]

1. c4 b6 2. d4 e6 3. Nf3 Bb7 4. Nc3 Bb4 5. Bd2 Ne7 6. a3 Bxc3 7. Bxc3 d5 8. e3
O-O 9. Qc2 Nd7 10. c5 c6 11. Bd3 h6 12. b4 b5 13. h4 f5 14. O-O-O Nf6 15. Ne5
Ne4 16. Be1 h5 17. f3 Nf6 18. Bc3 Nd7 19. Nxd7 Qxd7 20. Rdg1 Kf7 21. g4 hxg4
22. fxg4 g6 23. h5 gxh5 24. gxf5 exf5 25. Rxh5 Qe6 26. Rh7+ Ke8 27. Rg2 Ng6 28.
Rxb7 Qxe3+ 29. Qd2 {...} 1-0

[Event "VII Weekend B"]
[Site "Padova ITA"]
[Date "2004.12.19"]
[Round "6"]
[White "Benedetti, Maurizio"]
[Black "Palumbo, Giuseppe"]
[Result "0-1"]
[WhiteElo "1523"]
[BlackElo "1652"]
[PlyCount "52"]
[EventDate "2004.12.11"]

1. e4 c5 2. Nf3 d6 3. d4 cxd4 4. Nxd4 a6 5. g3 Nf6 6. Bg2 e6 7. O-O Qc7 8. Re1
Be7 9. Nc3 Bd7 10. Be3 Nc6 11. Rc1 O-O 12. Nb3 b5 13. Ne2 Ne5 14. h3 Nc4 15. e5
Nd5 16. Bxd5 exd5 17. exd6 Bxd6 18. Bd4 Bxh3 19. Nd2 Ne5 20. Bxe5 Bxe5 21. Nf3
Rad8 22. Nxe5 Qxe5 23. Nf4 Qf5 24. Nxh3 Qxh3 25. Re5 Rd6 26. Rxd5 Rh6 0-1

[Event "VII Weekend B"]
[Site "Padova ITA"]
[Date "2004.12.19"]
[Round "6"]
[White "Borgato, Alessandro"]
[Black "Quaranta, Gaetano"]
[Result "1-0"]
[WhiteElo "1625"]
[BlackElo "1700"]
[PlyCount "116"]
[EventDate "2004.12.11"]

1. e4 e5 2. Nf3 Nc6 3. Bc4 Nf6 4. Qe2 d6 5. Ng5 d5 6. exd5 Nxd5 7. Qf3 Qxg5 8.
Bxd5 Qf6 9. Qxf6 gxf6 10. Bxc6+ bxc6 11. d3 Rg8 12. g3 Bh3 13. Nc3 Bb4 14. Bd2
O-O-O 15. O-O-O Bc5 16. Be3 Bb6 17. Bxb6 cxb6 18. Ne4 f5 19. Nd2 Rd7 20. Nc4 f6
21. Rhg1 Bg4 22. Rde1 Rdg7 23. h4 Kc7 24. Nd2 Bh5 25. Nf1 f4 26. Re4 Bf3 27.
Ra4 Kb7 28. Nh2 Bh5 29. Nf1 Be2 30. d4 Bxf1 31. Rxf1 fxg3 32. fxg3 Rxg3 33.
dxe5 b5 34. Re4 fxe5 35. Rxe5 R8g7 36. Rg5 R3xg5 37. hxg5 Kc7 38. Kd2 Kd6 39.
Rf6+ Kc5 40. b4+ Kb6 41. Rh6 Rxg5 42. Rxh7 Rg3 43. Rh1 Rg4 44. c3 Rg2+ 45. Kd3
Rxa2 46. Rh8 Rg2 47. Rb8+ Kc7 48. Ra8 Kb7 49. Rh8 Rg7 50. Kd4 Rd7+ 51. Ke3 a6
52. Ke4 Rc7 53. Kd4 Kb6 54. Rb8+ Ka7 55. Rd8 Kb7 56. Kc5 Re7 57. Rd6 Rf7 58.
Kd4 58... Kc7 {...} 1-0

[Event "VII Weekend B"]
[Site "Padova ITA"]
[Date "2004.12.19"]
[Round "6"]
[White "Boscolo, Michele"]
[Black "Zanirato, Stefano"]
[Result "1/2-1/2"]
[WhiteElo "1711"]
[BlackElo "1786"]
[PlyCount "108"]
[EventDate "2004.12.11"]

1. d4 Nf6 2. Nf3 e6 3. Bg5 d5 4. e3 c6 5. c3 Nbd7 6. Nbd2 Qb6 7. Qb3 Qxb3 8.
axb3 b5 9. Bd3 h6 10. Bxf6 gxf6 11. c4 b4 12. O-O Bb7 13. e4 dxe4 14. Bxe4 f5
15. Bd3 Bg7 16. Rfe1 O-O 17. c5 a5 18. Nc4 Ba6 19. Bf1 Bxc4 20. Bxc4 Nf6 21.
Ne5 Rfe8 22. Ra2 Ne4 23. Rea1 Bxe5 24. dxe5 Red8 25. f3 Nxc5 26. Rxa5 Rxa5 27.
Rxa5 Nd3 28. Ra4 c5 29. Ra5 Rd4 30. Kf1 Nxb2 31. Rxc5 Nxc4 32. bxc4 Rd1+ 33.
Ke2 Ra1 34. Rc8+ Kg7 35. Rb8 Ra2+ 36. Kf1 Rb2 37. c5 Rc2 38. Rxb4 Rxc5 39. f4
Rc2 40. Rb3 Rc4 41. Rg3+ Kf8 42. Rf3 h5 43. Kf2 h4 44. h3 Rc2+ 45. Kf1 Ke7 46.
Rf2 Rc3 47. Ke2 Rg3 48. Kf1 f6 49. exf6+ Kxf6 50. Re2 Rd3 51. Kf2 Rg3 52. Rb2
Rc3 53. Rb8 Rc2+ 54. Kf3 Rc3+ 1/2-1/2

[Event "VII Weekend B"]
[Site "Padova ITA"]
[Date "2004.12.19"]
[Round "6"]
[White "Castellano, Alfonso"]
[Black "Casciello, Dimitri"]
[Result "1/2-1/2"]
[WhiteElo "1881"]
[BlackElo "1856"]
[PlyCount "54"]
[EventDate "2004.12.11"]

1. c4 Nf6 2. Nc3 g6 3. g3 Bg7 4. Bg2 O-O 5. e4 d6 6. Nge2 e5 7. O-O Nc6 8. d3
Nh5 9. Be3 Nd4 10. Qd2 Bh3 11. f4 Nxe2+ 12. Qxe2 Bxg2 13. Qxg2 Bh6 14. Nd5 exf4
15. Nxf4 c6 16. Kh1 Nxf4 17. Bxf4 Bg7 18. Rae1 Qd7 19. Qd2 d5 20. exd5 cxd5 21.
c5 d4 22. Bd6 Rfe8 23. Qf4 Rxe1 24. Rxe1 Re8 25. Qf2 Qc6+ 26. Kg1 Bh6 27. Rxe8+
Qxe8 1/2-1/2

[Event "VII Weekend B"]
[Site "Padova ITA"]
[Date "2004.12.19"]
[Round "6"]
[White "Cipolotti, Piersilvio"]
[Black "Canazza, Alessandro"]
[Result "1/2-1/2"]
[WhiteElo "1679"]
[BlackElo "1775"]
[PlyCount "21"]
[EventDate "2004.12.11"]

1. Nf3 g6 2. g3 Bg7 3. Bg2 d6 4. O-O e5 5. d3 Ne7 6. e4 O-O 7. Nbd2 c6 8. c3 f5
9. h3 Kh8 10. Nh2 Nd7 11. g4 1/2-1/2

[Event "VII Weekend B"]
[Site "Padova ITA"]
[Date "2004.12.19"]
[Round "6"]
[White "Colusso, Enrico"]
[Black "Giordan, Daniele"]
[Result "0-1"]
[WhiteElo "1691"]
[BlackElo "1729"]
[PlyCount "92"]
[EventDate "2004.12.11"]

1. e4 d6 2. d4 Nf6 3. Bd3 g6 4. Nf3 Bg7 5. O-O O-O 6. h3 Nc6 7. c3 b6 8. Bf4
Nh5 9. Be3 Bb7 10. Qd2 e6 11. Bh6 Ne7 12. Bxg7 Kxg7 13. Qe3 h6 14. Nbd2 Nf6 15.
e5 dxe5 16. Nxe5 Nf5 17. Qe2 Nh5 18. Be4 Bxe4 19. Nxe4 Nd6 20. Rad1 Nxe4 21.
Qxe4 Qd5 22. Qxd5 exd5 23. g3 Rfe8 24. Rfe1 Re6 25. Nf3 Rae8 26. Rxe6 Rxe6 27.
Kf1 Nf6 28. Re1 Ne4 29. Re2 f6 30. Nd2 Nxd2+ 31. Rxd2 f5 32. f3 Kf6 33. Re2 c5
34. Rxe6+ Kxe6 35. Ke2 f4 36. g4 Kf6 37. h4 Ke6 38. Kd3 Kd6 39. c4 a6 40. a3
dxc4+ 41. Kxc4 b5+ 42. Kd3 c4+ 43. Ke4 a5 44. Kxf4 b4 45. axb4 axb4 46. Ke4 b3
0-1

[Event "VII Weekend B"]
[Site "Padova ITA"]
[Date "2004.12.19"]
[Round "6"]
[White "Di Cerbo, Giulia"]
[Black "Pomaro, Alberto"]
[Result "1/2-1/2"]
[WhiteElo "1676"]
[BlackElo "1697"]
[PlyCount "110"]
[EventDate "2004.12.11"]

1. d4 Nf6 2. Nf3 g6 3. Nbd2 d6 4. e4 Bg7 5. c3 Nbd7 6. Bc4 O-O 7. O-O e5 8.
dxe5 Nxe5 9. Nxe5 dxe5 10. f3 Qe7 11. Nb3 Rd8 12. Qc2 Be6 13. Bxe6 Qxe6 14. Be3
b6 15. Rad1 Ne8 16. Nc1 Rd6 17. Qa4 Qe7 18. Nd3 Bf6 19. Nb4 Bg5 20. Bxg5 Qxg5
21. Rxd6 Nxd6 22. Nd5 b5 23. Qa6 Qd8 24. Qc6 Rc8 25. Rd1 Kg7 26. Nxc7 Rxc7 27.
Qxd6 Qxd6 28. Rxd6 b4 29. Rd3 bxc3 30. bxc3 Rb7 31. Rd2 Rb1+ 32. Kf2 Rc1 33. a4
Rxc3 34. Rd7 Rc2+ 35. Kg3 Ra2 36. Rxa7 g5 37. Ra5 f6 38. Ra7+ Kg6 39. a5 h5 40.
a6 Kh6 41. Ra8 Kg7 42. a7 Kh7 43. h4 Kg7 44. Kh3 Ra3 45. hxg5 fxg5 46. Kh2 Ra1
47. Re8 Rxa7 48. Rxe5 Kf6 49. Rf5+ Kg6 50. Rc5 Ra2 51. Rc6+ Kg7 52. e5 Re2 53.
Rc5 Kg6 54. Kg3 Kf5 55. e6+ Kf6 1/2-1/2

[Event "VII Weekend B"]
[Site "Padova ITA"]
[Date "2004.12.19"]
[Round "6"]
[White "Jimchi, Abdelaziz"]
[Black "Bassetto, Silvano"]
[Result "0-1"]
[WhiteElo "1820"]
[BlackElo "1535"]
[PlyCount "136"]
[EventDate "2004.12.11"]

1. Nf3 Nf6 2. g3 g6 3. Bg2 Bg7 4. d4 d5 5. O-O O-O 6. Bg5 Nc6 7. c3 Bf5 8. Nbd2
Ne4 9. Nxe4 Bxe4 10. Nd2 Bxg2 11. Kxg2 f6 12. Be3 e5 13. dxe5 Nxe5 14. Bd4 c6
15. Qb3 Qd7 16. Rad1 b6 17. e4 Qf7 18. exd5 cxd5 19. Rfe1 Rfe8 20. Re2 Nc6 21.
Rxe8+ Rxe8 22. Nf3 Rd8 23. Qb5 Ne5 24. Ne1 Qd7 25. Qxd7 Rxd7 26. Bxe5 fxe5 27.
Nc2 Kf7 28. a4 Ke6 29. Re1 Kd6 30. Rd1 Ke6 31. Kf3 Rf7+ 32. Ke2 Rd7 33. Ne1 g5
34. g4 h6 35. Nc2 d4 36. cxd4 Rxd4 37. Rxd4 exd4 38. Kd3 Kd5 39. h4 Be5 40.
hxg5 hxg5 41. Ne1 Bf6 42. Nc2 a5 43. Na3 Kc5 44. Nc4 b5 45. axb5 Kxb5 46. Nd2
Kb4 47. f3 a4 48. Ne4 Be7 49. Kc2 d3+ 50. Kb1 Kb3 51. Nd2+ Kb4 52. Ka2 Bd6 53.
Ne4 Bf4 54. Nf2 d2 55. Nd1 Bd6 56. Ne3 Bf4 57. Nd1 Kc4 58. Ka3 Kd3 59. b4 axb3
60. Kxb3 Ke2 61. Kc2 Kxf3 62. Kd3 Kxg4 63. Ke2 Kg3 64. Kf1 g4 65. Kg1 Kh3 66.
Nf2+ Kg3 67. Nd1 Kf3 68. Kf1 g3 0-1

[Event "VII Weekend B"]
[Site "Padova ITA"]
[Date "2004.12.19"]
[Round "6"]
[White "Maniero, Riccardo"]
[Black "Ceccherini, Paolo"]
[Result "1-0"]
[WhiteElo "1862"]
[BlackElo "1706"]
[PlyCount "51"]
[EventDate "2004.12.11"]

1. e4 c6 2. d4 d5 3. exd5 cxd5 4. c4 Nf6 5. Nc3 Bg4 6. Qb3 Qb6 7. Qxb6 axb6 8.
cxd5 Nbd7 9. h3 Bf5 10. Bb5 O-O-O 11. Nf3 Nb8 12. Ne5 Bg6 13. Nc4 Nbd7 14. O-O
Bd3 15. Re1 Bxc4 16. Bxc4 Nb8 17. Na4 Nxd5 18. Bxd5 b5 19. Nb6+ Kc7 20. Na8+
Kc8 21. Bxf7 Nd7 22. Be6 Kb8 23. Bxd7 Rxd7 24. Nb6 Rxd4 25. Be3 Rd3 26. Rac1
1-0

[Event "VII Weekend B"]
[Site "Padova ITA"]
[Date "2004.12.19"]
[Round "6"]
[White "Menini, Luca"]
[Black "Cestonaro, Federico"]
[Result "1-0"]
[WhiteElo "1715"]
[BlackElo "1535"]
[PlyCount "107"]
[EventDate "2004.12.11"]

1. d4 d5 2. c4 c6 3. Nf3 Nf6 4. Nc3 Bf5 5. Bg5 Nbd7 6. e3 e6 7. cxd5 exd5 8. a3
Bd6 9. b4 a6 10. Na4 b5 11. Nc5 Bxc5 12. dxc5 O-O 13. Nd4 Bg6 14. Nxc6 Qc7 15.
Ne7+ Kh8 16. Nxg6+ fxg6 17. Bd3 Ne4 18. Bxe4 dxe4 19. Bf4 Qc6 20. O-O Rad8 21.
Qc2 Nf6 22. Rfd1 h6 23. Rxd8 Rxd8 24. Rd1 Rxd1+ 25. Qxd1 Nd5 26. Be5 Kg8 27.
Qd4 Ne7 28. Qd6 Qxd6 29. cxd6 Nc6 30. d7 Kf7 31. Kf1 Ke6 32. Bxg7 h5 33. Ke2
Kxd7 34. f3 exf3+ 35. gxf3 a5 36. Bc3 a4 37. e4 Ke6 38. f4 Kf7 39. h4 Ke6 40.
Ke3 Kf7 41. f5 gxf5 42. exf5 Ne7 43. Ke4 Nc6 44. Kf4 Ne7 45. Kg5 Nd5 46. Bd4
Ne7 47. Bb2 Nd5 48. Kxh5 Ne3 49. Kg5 Nc4 50. Bc1 Kg7 51. h5 Kf7 52. h6 Kg8 53.
f6 Ne5 54. Bb2 1-0

[Event "VII Weekend B"]
[Site "Padova ITA"]
[Date "2004.12.19"]
[Round "6"]
[White "Nagliati, Paolo"]
[Black "Mosca, Giulia"]
[Result "1/2-1/2"]
[WhiteElo "1829"]
[BlackElo "1590"]
[PlyCount "85"]
[EventDate "2004.12.11"]

1. e4 c6 2. Nc3 d5 3. Nf3 Bg4 4. h3 Bh5 5. exd5 cxd5 6. Bb5+ Nc6 7. g4 Bg6 8.
Ne5 Qc7 9. d4 e6 10. h4 f6 11. Nxg6 hxg6 12. Qd3 Nge7 13. Bd2 g5 14. h5 g6 15.
O-O-O gxh5 16. Rxh5 Bg7 17. Rh7 Rg8 18. Ne2 Kf7 19. f4 gxf4 20. Bxf4 Qa5 21.
Qb3 Rh8 22. Rhh1 Qb4 23. Qxb4 Nxb4 24. a3 Nbc6 25. c3 Rxh1 26. Rxh1 Rh8 27.
Rxh8 Bxh8 28. Bd3 Ng6 29. Bg3 Bg7 30. b4 Bh6+ 31. Kc2 Bg5 32. a4 Nce7 33. b5
Bh4 34. Bb8 Nc8 35. c4 dxc4 36. Be4 b6 37. Kc3 Nge7 38. Kxc4 Ke8 39. d5 Kd7 40.
Nd4 exd5+ 41. Bxd5 Nd6+ 42. Bxd6 Kxd6 43. Nf5+ 1/2-1/2

[Event "VII Weekend B"]
[Site "Padova ITA"]
[Date "2004.12.19"]
[Round "6"]
[White "Negro, Raffaele"]
[Black "Maniero, Andrea"]
[Result "0-1"]
[WhiteElo "1775"]
[BlackElo "1691"]
[PlyCount "86"]
[EventDate "2004.12.11"]

1. d4 d5 2. Nf3 Nf6 3. Nbd2 Bf5 4. e3 Nbd7 5. c4 c6 6. Qb3 Qc7 7. Nh4 e6 8.
Nxf5 exf5 9. Bd3 g6 10. Nf3 Nb6 11. c5 Nbd7 12. Bd2 Ne4 13. Bc3 Bg7 14. Bd2 h6
15. Qa3 O-O 16. O-O g5 17. Bc1 b6 18. cxb6 axb6 19. Qb3 Qd6 20. Qd1 Ra7 21. Ne1
Qe6 22. f3 Nd6 23. Qc2 Rc8 24. b4 c5 25. bxc5 bxc5 26. Qf2 c4 27. Bc2 Rca8 28.
a3 Nb5 29. Rb1 Nxa3 30. Bxa3 Rxa3 31. e4 f4 32. Rb5 dxe4 33. fxe4 Qc6 34. Rd5
Re3 35. Qd2 Ra1 36. Qb4 Re2 37. Qc3 Rc1 38. Qa5 Rcxc2 39. Nxc2 Rxc2 40. Qd8+
Nf8 41. e5 Qe6 42. h3 g4 43. Rxf4 43... gxh3 {...} 0-1

[Event "VII Weekend B"]
[Site "Padova ITA"]
[Date "2004.12.19"]
[Round "6"]
[White "Penzo, Michele"]
[Black "Temporin, Alberto"]
[Result "0-1"]
[WhiteElo "1724"]
[BlackElo "1580"]
[PlyCount "94"]
[EventDate "2004.12.11"]

1. d4 d5 2. c4 e6 3. g3 b6 4. Bg2 Bb7 5. Nf3 c5 6. O-O Nf6 7. Nc3 Be7 8. dxc5
Bxc5 9. a3 O-O 10. b4 Be7 11. Ne5 Qc8 12. Re1 dxc4 13. e4 Nbd7 14. Bf4 Rd8 15.
Qc2 Nxe5 16. Bxe5 Nd7 17. Bd4 e5 18. Be3 Nf6 19. Rad1 Qe6 20. h3 Rxd1 21. Rxd1
Rd8 22. Rc1 a6 23. Na4 b5 24. Nc5 Bxc5 25. Bxc5 h6 26. Re1 Qd7 27. Bb6 Qd2 28.
Qb1 Rd3 29. Be3 Qc3 30. Bf1 Rd7 31. Bc5 Qxa3 32. Re3 Qa4 33. Qb2 Bxe4 34. Qxe5
Bg6 35. h4 Qd1 36. Re1 Qd5 37. Qb8+ Rd8 38. Qb6 Qa8 39. Ra1 Nd7 40. Qc7 Nxc5
41. bxc5 Rc8 42. Qd6 Qc6 43. Qf4 Qxc5 44. Rxa6 c3 45. Qc1 c2 46. Bh3 Rd8 47.
Bg4 Qd4 0-1

[Event "VII Weekend B"]
[Site "Padova ITA"]
[Date "2004.12.19"]
[Round "6"]
[White "Rigo, Caterina"]
[Black "Tomio, Dante"]
[Result "1/2-1/2"]
[WhiteElo "1667"]
[BlackElo "1876"]
[PlyCount "50"]
[EventDate "2004.12.11"]

1. e4 c5 2. Nf3 d6 3. d4 cxd4 4. Nxd4 Nf6 5. Nc3 g6 6. Be3 Bg7 7. Be2 O-O 8.
Qd2 Nc6 9. f4 Qa5 10. O-O Re8 11. Bb5 Bd7 12. Qf2 Ng4 13. Nb3 Qxc3 14. bxc3
Nxf2 15. Rxf2 Bxc3 16. Rd1 a6 17. Bc4 Bg4 18. Rdf1 Rad8 19. f5 gxf5 20. h3 Ne5
21. Bxf7+ Kxf7 22. hxg4 Nxg4 23. Rxf5+ Ke6 24. Bd4 Bxd4+ 25. Nxd4+ 25... Kd7 {
...} 1/2-1/2

[Event "VII Weekend B"]
[Site "Padova ITA"]
[Date "2004.12.19"]
[Round "6"]
[White "Simioni, Tiziano"]
[Black "Frascati, Francesco"]
[Result "1-0"]
[WhiteElo "1763"]
[BlackElo "1502"]
[PlyCount "67"]
[EventDate "2004.12.11"]

1. e4 e5 2. Nf3 d6 3. Bc4 Be7 4. c3 Nf6 5. Qe2 O-O 6. h3 a6 7. a3 b5 8. Ba2 Bb7
9. d3 Nbd7 10. Nbd2 d5 11. exd5 Bxd5 12. c4 Bc6 13. O-O Nc5 14. Nxe5 Bb7 15. b4
Qd4 16. Rb1 Na4 17. Nb3 Qd8 18. Bd2 Bd6 19. f4 Bxe5 20. fxe5 Re8 21. Rfe1 bxc4
22. dxc4 Ne4 23. Red1 Nxd2 24. Qxd2 Qe7 25. Re1 Rad8 26. Qe3 Nb6 27. Nd4 Qh4
28. Rbd1 Nd7 29. Nf5 Qh5 30. Qf4 Qg6 31. Re2 Qh5 32. Rde1 Re6 33. c5 Nxe5 34.
Bxe6 1-0

[Event "VII Weekend B"]
[Site "Padova ITA"]
[Date "2004.12.19"]
[Round "6"]
[White "Valentini, Paola"]
[Black "Sanavio, Giancarlo"]
[Result "0-1"]
[WhiteElo "1787"]
[BlackElo "1685"]
[PlyCount "74"]
[EventDate "2004.12.11"]

1. c4 e5 2. Nc3 Nc6 3. g3 Bc5 4. Bg2 Nf6 5. d3 d6 6. Nf3 Be6 7. O-O h6 8. a3 a5
9. Na4 Ba7 10. Qb3 Rb8 11. Rb1 O-O 12. Qc3 Qd7 13. b3 Bh3 14. Re1 Bxg2 15. Kxg2
e4 16. dxe4 Nxe4 17. Qd3 Nxf2 18. Qd5 Qh3+ 19. Kg1 Nd3+ 20. c5 Nxe1 21. Nxe1
Rbe8 22. e3 Re5 23. Qd3 Rh5 24. Rb2 Ne5 25. Qe4 b5 26. cxb6 cxb6 27. Qb7 Rf5
28. Rg2 b5 29. Qxa7 bxa4 30. bxa4 Qg4 31. Qd4 Nf3+ 32. Nxf3 Qxf3 33. Qd3 Rd5
34. Rf2 Qxf2+ 35. Kxf2 Rxd3 36. Ke2 Rc3 37. Kd2 Rfc8 0-1

[Event "XXV C.to Italiano UISP"]
[Site "Gubbio ITA"]
[Date "2004.12.05"]
[Round "5"]
[White "Livecchi, Dario"]
[Black "Scollo, Vincenzo"]
[Result "1-0"]
[WhiteElo "2171"]
[BlackElo "2077"]
[PlyCount "59"]
[EventDate "2004.12.05"]

1.e4 c5 2.Nf3 d6 3.d4 cxd4 4.Nxd4 Nf6 5.Nc3 a6 6.Bg5 e6 7.f4 Qb6 8.Nb3 Be7
9.Qf3 Bd7 10.O-O-O Qc7 11.g4 b5 12.a3 Bc6 13.Bxf6 Bxf6 14.g5 Be7 15.Nd4 
Bb7 16.Bh3 Nd7 17.Bxe6 fxe6 18.Nxe6 Qc4 19.Nxg7+ Kf8 20.Qh3 Nc5 21.Qh6 
Nxe4 22.Rd4 Qf7 23.Ne6+ Ke8 24.Nxe4 Rg8 25.Qh3 Rg6 26.Nc7+ Kd8 27.Nxa8 
Qxf4+ 28.Kb1 Bxe4 29.Nb6 Ke8 30.Rf1 1-0

[Event "C.to Provinciale AT 2005"]
[Site "Asti ITA"]
[Date "2004.12.??"]
[Round "2"]
[White "Piantadosi, Angelo"]
[Black "Beccaris, Gabriele"]
[Result "0-1"]
[WhiteElo "1685"]
[BlackElo "2066"]
[PlyCount "46"]
[EventDate "2004.12.04"]

1. e4 c5 2. Nc3 e6 3. g3 d5 4. Bg2 d4 5. Nce2 Nc6 6. d3 Nf6 7. f4 Be7 8. Nf3
O-O 9. O-O b5 10. a4 bxa4 11. Rxa4 Qb6 12. Nd2 Na5 13. e5 Nd5 14. Nc4 Nxc4 15.
dxc4 Bd7 16. Ra1 Nb4 17. Bxa8 Rxa8 18. b3 Bc6 19. Ba3 a5 20. Nc1 Bb7 21. Qe2
Qc6 22. Kf2 Nxc2 23. Ra2 Qg2# 0-1

[Event "VII Weekend B"]
[Site "Porto Sant'Elpidio ITA"]
[Date "2004.11.13"]
[Round "1"]
[White "Baleani, Emanuele"]
[Black "Serafini, Gino"]
[Result "1-0"]
[WhiteElo "1750"]
[BlackElo "1506"]
[PlyCount "93"]
[EventDate "2004.11.13"]

1. e4 c5 2. Nf3 Nc6 3. d4 cxd4 4. Nxd4 Nf6 5. Nc3 e6 6. Bc4 Bb4 7. f3 O-O 8. a3
Ba5 9. Bg5 a6 10. Nxc6 dxc6 11. Qxd8 Rxd8 12. e5 Rd4 13. exf6 Rxc4 14. fxg7
Kxg7 15. Bd2 e5 16. O-O-O Bf5 17. g4 Bg6 18. h4 h6 19. Rhe1 f6 20. Ne4 Bb6 21.
Bc3 Bxe4 22. Rd7+ Kg8 23. Rxe4 Rxe4 24. fxe4 Ra7 25. Bd2 Bf2 26. h5 Bg3 27.
Bxh6 Bf4+ 28. Bxf4 exf4 29. Kd2 Ra8 30. Ke2 Re8 31. Kf3 b5 32. Kxf4 Re5 33. Ra7
Rc5 34. c3 a5 35. Rxa5 Kg7 36. a4 Kh6 37. axb5 cxb5 38. Ra6 Kg7 39. b4 Re5 40.
Rc6 Re8 41. Rc5 Rd8 42. Rc7+ Kh6 43. Rf7 Rd3 44. Rxf6+ Kg7 45. Rc6 Rd1 46. e5
Rf1+ 47. Kg5 1-0

[Event "VII Weekend B"]
[Site "Porto Sant'Elpidio ITA"]
[Date "2004.11.13"]
[Round "1"]
[White "Basso, Fabrizio"]
[Black "Morelli, Basilio"]
[Result "1-0"]
[WhiteElo "1697"]
[BlackElo "1419"]
[PlyCount "115"]
[EventDate "2004.11.13"]

1. e4 c5 2. Nf3 Nc6 3. d4 cxd4 4. Nxd4 e5 5. Nb5 d6 6. N1c3 Nf6 7. Bg5 a6 8.
Na3 Be7 9. Bxf6 Bxf6 10. Nd5 Be7 11. Nc4 O-O 12. Nxe7+ Qxe7 13. Qxd6 Qxd6 14.
Nxd6 Rd8 15. O-O-O b5 16. Nxc8 Raxc8 17. Rxd8+ Rxd8 18. c3 Rc8 19. Be2 g6 20.
Rd1 h5 21. Rd6 Rc7 22. Kd2 Kf8 23. Ke3 Ke7 24. Rd1 Rd7 25. Rxd7+ Kxd7 26. a4
Na7 27. axb5 axb5 28. h4 Kd6 29. b3 f6 30. b4 Kc6 31. c4 bxc4 32. Bxc4 Nc8 33.
Bf7 Ne7 34. Kd3 f5 35. exf5 Nxf5 36. g3 e4+ 37. Kxe4 Nd6+ 38. Ke5 Nxf7+ 39. Kf6
Nd6 40. Kxg6 Ne4 41. Kxh5 Nxf2 42. g4 Nd3 43. b5+ Kxb5 44. g5 Nf4+ 45. Kg4 Ne6
46. Kf5 Ng7+ 47. Kg6 Ne8 48. Kf7 Nd6+ 49. Ke6 Ne8 50. g6 Kc6 51. Ke7 Ng7 52.
Kf7 Nf5 53. g7 Nh6+ 54. Kf8 Kd6 55. g8=Q Nxg8 56. Kxg8 Ke6 57. h5 Kf6 58. h6
1-0